La Moral en la Crisis Contemporánea

Uloženo v:
Podrobná bibliografie
Hlavní autor: Vincenzi, Moisés
Médium: Kniha
Jazyk:Undetermined
Vydáno: San José, Costa Rica Trejos Hermanos 1963
Témata:
Tagy: Přidat tag
Žádné tagy, Buďte první, kdo vytvoří štítek k tomuto záznamu!

MARC

LEADER 00000nam a2200000Ia 4500
008 170316s9999 xx 000 0 und d
090 |a 100 V-17m 
100 |a Vincenzi, Moisés 
245 |a La Moral en la Crisis Contemporánea 
260 |a San José, Costa Rica 
260 |b Trejos Hermanos 
260 |c 1963 
300 |a 80 páginas 
650 |a FILOSOFÍA 
650 |a ÉTICA 
999 |c 17850  |d 17850 
040 |a cru BVZT 
942 |c 15 D  |h 100 V-17m  |2 z